000
00223nam a22000977a 4500
999
_c
526615
_d
526615
082
_a
SNT B3x54 P59
100
_a
Panda, Sudhaker
_9
46091
245
_a
Quest for ignorance
260
_a
New Delhi
_b
Kunal
_c
2020
300
_a
145p.